[Event "Rivarolo Mantovano op"]
[Site "Rivarolo Mantovano"]
[Date "2003.10.11"]
[Round "1"]
[White "Tencati, Giuseppe"]
[Black "Dordoni, Dario"]
[Result "1-0"]
[WhiteElo "2115"]
[BlackElo "1609"]
[PlyCount "87"]
[EventDate "2003.10.11"]
[EventType "swiss"]
[EventRounds "6"]
[EventCountry "ITA"]
[SourceTitle "EXT 2007"]
[Source "ChessBase"]
[SourceDate "2006.11.23"]
[SourceVersion "1"]
[SourceVersionDate "2006.11.23"]
[SourceQuality "1"]

1. d4 d5 2. c4 e6 3. Nc3 Nf6 4. Bg5 Nbd7 5. e3 c6 6. Nf3 Qa5 7. Bxf6 Nxf6 8. Qc2 Bb4 9. Nd2 Bd7 10. Bd3 dxc4 11. Nxc4 Qc7 12. 0-0 c5 13. a3 Bxc3 14. bxc3 Ng4 15. g3 b5 16. Nd2 c4 17. Be2 Nf6 18. a4 bxa4 19. Nxc4 Rc8 20. Rfc1 Nd5 21. e4 Nb6 22. Ne5 0-0 23. c4 Be8 24. c5 f6 25. Nf3 Qe7 26. Qa2 Na8 27. Bc4 Nc7 28. Rab1 Bc6 29. d5 exd5 30. exd5 Kh8 31. dxc6 Qe4 32. Nh4 Qxc6 33. Bf1 Qe4 34. Bg2 Qg4 35. Rc4 Qh5 36. Qxa4 Ne6 37. c6 f5 38. Qd1 Qf7 39. Rb7 Qe8 40. Qd7 Qh5 41. Qxe6 Qd1+ 42. Bf1 Rce8 43. Qd7 Rg8 44. Qxd1 1-0

[Event "Crema op 05th"]
[Site "Crema"]
[Date "2003.09.06"]
[Round "3"]
[White "Dordoni, Dario"]
[Black "Biava, Pierluigi"]
[Result "1/2-1/2"]
[WhiteElo "1600"]
[BlackElo "1612"]
[PlyCount "107"]
[EventDate "2003.09.05"]
[EventType "swiss"]
[EventRounds "6"]
[EventCountry "ITA"]
[SourceTitle "EXT 2007"]
[Source "ChessBase"]
[SourceDate "2006.11.23"]
[SourceVersion "1"]
[SourceVersionDate "2006.11.23"]
[SourceQuality "1"]

1. Nf3 Nf6 2. d4 d6 3. Bg5 Nbd7 4. Nbd2 h6 5. Bf4 g5 6. Bg3 Nh5 7. e4 Bg7 8. Nb3 c5 9. c3 a6 10. a4 b6 11. Be2 Bb7 12. Nfd2 Nxg3 13. fxg3 Nf6 14. Bf3 Qd7 15. d5 0-0 16. g4 b5 17. a5 e6 18. c4 Rfe8 19. 0-0 exd5 20. cxd5 Re5 21. Nc1 c4 22. h3 Rae8 23. Ne2 Qc7 24. Ng3 Qc5+ 25. Kh2 Bc8 26. Qc2 R5e7 27. Rfc1 Qe3 28. Ndf1 Qf4 29. Qd2 Qxd2 30. Nxd2 Rc7 31. Ra2 Kh7 32. Ndf1 Nd7 33. Nf5 Be5+ 34. Kh1 Nc5 35. Nd2 Nd3 36. Rb1 Bd7 37. Bd1 Bf4 38. b3 c3 39. Nf1 Rxe4 40. Bc2 Re2 41. Nd4 Rxc2 42. Nxc2 f5 43. g3 Bd2 44. Kg1 fxg4 45. h4 gxh4 46. Nxd2 cxd2 47. Rd1 Ne5 48. Nd4 Nf3+ 49. Nxf3 gxf3 50. gxh4 Rc3 51. Raxd2 Rxb3 52. Rd3 Rb4 53. Rd4 Rb2 54. R1d2 1/2-1/2